| 000 | 00658nam a2200181 a 4500 | ||
|---|---|---|---|
| 001 | ASIN0394726251 | ||
| 005 | 20140609035417.0 | ||
| 008 | 140609s1985 xxu eng d | ||
| 020 |
_a0394726251 (paperback) _c$18.95 |
||
| 020 | _a9780394726250 (paperback) | ||
| 100 | 1 | _aBoorstin, Daniel J. | |
| 245 | 1 | 4 |
_aThe discoverers / _cDaniel J. Boorstin. |
| 250 | _a1st Vintage Book ed. | ||
| 260 |
_a[S.l.] : _bVintage, _c1985. |
||
| 300 |
_a768 p. ; _c21 cm. |
||
| 520 | _aAn original history of man's greatest adventure: his search to discover the world around him. | ||
| 856 | 4 | 0 |
_3Amazon.com _uhttp://www.amazon.com/exec/obidos/ASIN/0394726251/chopaconline-20 |
| 999 |
_c5752 _d5752 |
||